Modern India 1885-1947 (Record no. 4892)
[ view plain ]
| 000 -LEADER | |
|---|---|
| fixed length control field | 00505cam a2200205ua 4500 |
| 008 - FIXED-LENGTH DATA ELEMENTS--GENERAL INFORMATION | |
| fixed length control field | 131025n ii |||gr||||Z||||||eng |
| 020 ## - INTERNATIONAL STANDARD BOOK NUMBER | |
| International Standard Book Number | 0333-90425-7 |
| 020 ## - INTERNATIONAL STANDARD BOOK NUMBER | |
| International Standard Book Number | 978-0333-90425-1 |
| 040 ## - CATALOGING SOURCE | |
| Transcribing agency | MAIN |
| 082 ## - DEWEY DECIMAL CLASSIFICATION NUMBER | |
| Classification number | 954.035 |
| 100 ## - MAIN ENTRY--PERSONAL NAME | |
| Personal name | Sarkar ,Sumit, |
| Relator term | |
| 245 ## - TITLE STATEMENT | |
| Title | Modern India 1885-1947 |
| Statement of responsibility, etc. | By Sumit Sarkar |
| 260 ## - PUBLICATION, DISTRIBUTION, ETC. | |
| Place of publication, distribution, etc. | New Delhi: |
| Name of publisher, distributor, etc. | Macmillan, |
| Date of publication, distribution, etc. | 2008. |
| 300 ## - PHYSICAL DESCRIPTION | |
| Extent | 479p. |
| 942 ## - ADDED ENTRY ELEMENTS (KOHA) | |
| Koha item type | Books |
| 653 ## - INDEX TERM--UNCONTROLLED | |
| Uncontrolled term | History |
| 653 ## - INDEX TERM--UNCONTROLLED | |
| Uncontrolled term | Modern India |
| 653 ## - INDEX TERM--UNCONTROLLED | |
| Uncontrolled term | Indian history 1885-1947 |
| Withdrawn status | Lost status | Damaged status | Not for loan | Home library | Current library | Shelving location | Date acquired | Total Checkouts | Full call number | Barcode | Date last seen | Copy number | Price effective from | Koha item type |
|---|---|---|---|---|---|---|---|---|---|---|---|---|---|---|
| Central Library, Naharkatiya College | Central Library, Naharkatiya College | General Stacks | 19/09/2020 | 954.035 | SAR | 18466 | 19/09/2020 | 1 | 19/09/2020 | Books | |||||
| Central Library, Naharkatiya College | Central Library, Naharkatiya College | General Stacks | 19/09/2020 | 954.035 | SAR | 18467 | 19/09/2020 | 2 | 19/09/2020 | Books |
